Making a medical living : Doctors and their patients in the English market for medicine, 1720-1911
This book begins with the first voluntary hospital in 1720 and ends in 1911 with national health insurance. It looks at different forms of practice--public appointments in hospitals, office under state welfare systems, and private practice
Na minha lista:
| Autor principal: | |
|---|---|
| Formato: | Livro |
| Idioma: | Undetermined |
| Publicado em: |
Cambridge
Cambridge University Press
1994
|
| Assuntos: | |
| Tags: |
Adicionar Tag
Sem tags, seja o primeiro a adicionar uma tag!
|
| Thư viện lưu trữ: | Trung tâm Học liệu Trường Đại học Cần Thơ |
|---|
| LEADER | 00939nam a2200241Ia 4500 | ||
|---|---|---|---|
| 001 | CTU_167040 | ||
| 008 | 210402s9999 xx 000 0 und d | ||
| 020 | |c 58 | ||
| 082 | |a 362.10941 | ||
| 082 | |b D571 | ||
| 100 | |a Digby, Anne | ||
| 245 | 0 | |a Making a medical living : | |
| 245 | 0 | |b Doctors and their patients in the English market for medicine, 1720-1911 | |
| 245 | 0 | |c Anne Digby | |
| 260 | |a Cambridge | ||
| 260 | |b Cambridge University Press | ||
| 260 | |c 1994 | ||
| 520 | |a This book begins with the first voluntary hospital in 1720 and ends in 1911 with national health insurance. It looks at different forms of practice--public appointments in hospitals, office under state welfare systems, and private practice | ||
| 650 | |a Medicine,Y học | ||
| 650 | |x History,Lịch sử | ||
| 650 | |z Great Britain,Vương quốc Anh | ||
| 904 | |i Lan anh, Trúc | ||
| 980 | |a Trung tâm Học liệu Trường Đại học Cần Thơ | ||